000 00294nam a22001217a 4500
999 _c160066
_d160066
082 _a
_b
100 _aMaharshis Markandalya Laugakshi
245 _aThe smriti sandarbha (v.6)/
_cby Maharshis Markandalya Laugakshi.
260 _aDelhi:
_bNag,
_c
300 _a
650 _a
942 _cBK